000 00504nam a22001937a 4500
005 20251108172724.0
008 250721s2001 xx 000 0 ara d
082 1 4 _a346.016/راج
100 1 _aراجح، أنطوان
_eمؤلف
245 1 0 _aالتلجئة /
264 1 _aبيروت :
_c2001.
300 _a231ص
650 1 7 _aالقانون الخاص
650 1 7 _aقانون الأسرة
650 1 7 _aفسخ الزواج
650 1 7 _aالطلاق
942 _2ddc
_cBK
999 _c86830
_d86830